Текст томруулах:    
The Mexico-U.S. free trade agreement (Бичлэгийн дугаар. 146187)
000 -УДИРДЛАГА
Удирдлага 00882nam a22003017a 4500
003 - ХЯНАЛТЫН ТОО ТОДОРХОЙЛОГЧ
Код MN-UlNUM
005 - БИЧИЛТ ХИЙСЭН ОГНОО
Тухайн бичилтийг бичсэн засварласан сүүлийн огноо 20260115133738.0
008 - ЕРӨНХИЙ МЭДЭЭЛЭЛ
Ерөнхий мэдээлэл 260115s1993 mauab||| |||| 001 0 eng |
020 ## - ISBN
ISBN 0262071525
040 ## - БИЧЛЭГ ҮҮСГЭГЧ БАЙГУУЛЛАГА
Бичлэг үүсгэгч номын сангийн код МУИС-ийн номын сан
084 ## - ББК АНГИЛАЛ
Нэмэлт тусгалт Бусад
ББК ангилал 65.428
Зохиогчийн гурван тэмдэгт M 63
Мэдлэгийн ялгаа 65 - Эдийн засаг
245 04 - ҮНДСЭН ГАРЧИГ
Номын нэр The Mexico-U.S. free trade agreement
Оролцогчдын тухай мэдээ edited by Peter M. Garber.
260 ## - ГАРАЛТЫН МЭДЭЭ
Хэвлэгдсэн газар Cambridge, Mass. :
Хэвлэлийн газар MIT Press
Хэвлэгдсэн он 1993.
300 ## - МАТЕРИАЛЫН ТОДОРХОЙЛОЛТ
хуудасны тоо vi, 317 p. :
Бусад тоон мэдээлэл ill. ;
Хэмжээ 24 cm.
500 ## - Тайлбар
Дансны дугаар БС 5003
546 ## - ХЭЛНИЙ ТУХАЙ МЭДЭЭ
Хэл Англи хэл дээр,
653 ## - Түлхүүр үг
Түлхүүр үг Free trade
653 ## - Түлхүүр үг
Түлхүүр үг Mexico
653 ## - Түлхүүр үг
Түлхүүр үг Wages
653 ## - Түлхүүр үг
Түлхүүр үг Industries
700 1# - ХАМ ЗОХИОГЧИД
Ба бус Garber, Peter M.
740 ## - НОМЫН ГАРЧИГ
Гарчиг Sources of Comparative Advantage
740 ## - НОМЫН ГАРЧИГ
Гарчиг Regional and Local Production and Employment Effects
740 ## - НОМЫН ГАРЧИГ
Гарчиг Effects on Specific Industries
942 ## - ЭЛЕМЕНТИЙН ТӨРӨЛ
Зүйлийн төрөл Ном